| 000 | 00434nam a22001697a 4500 | ||
|---|---|---|---|
| 003 | macl | ||
| 005 | 20160203144404.0 | ||
| 008 | 160203b xxu||||| |||| 00| 0 eng d | ||
| 040 | _cmacl | ||
| 041 | _aEnglish | ||
| 082 | _a362/RAO | ||
| 100 |
_aRao Dr. Digumarti Bhaskara _936656 |
||
| 245 | _aRights Of The Disabled Persons | ||
| 260 |
_aNew Delhi _bDiscovery Publications _c2013 |
||
| 650 |
_aDisabled _936657 |
||
| 942 |
_2ddc _cBK |
||
| 999 |
_c53090 _d53090 |
||